Obchodný model novej ekonomiky
Obchodné modely a procesy. Obchodný model ako strategický nástroj, ktorý zohľadňuje situáciu konkurencie, zákazníkov, partnerov a formy spolupráce. Roviny, v ktorých sa obchodné modely v podniku prejavujú. Podpora IS/ICT podnikovým procesom a business networking. Business networking ako koncept riad...
Saved in:
| Main Author: | |
|---|---|
| Other Authors: | |
| Format: | Book Chapter |
| Language: | Slovak |
| Subjects: | |
| Tags: |
No Tags, Be the first to tag this record!
|
MARC
| LEADER | 00000naa$a2200000$$$4500 | ||
|---|---|---|---|
| 001 | 0039363 | ||
| 005 | 20231113115535.3 | ||
| 041 | 0 | |a slo | |
| 044 | |a CZ | ||
| 245 | 1 | 0 | |a Obchodný model novej ekonomiky |c Juraj Vaculík, Marek Kruppa |
| 520 | |a Obchodné modely a procesy. Obchodný model ako strategický nástroj, ktorý zohľadňuje situáciu konkurencie, zákazníkov, partnerov a formy spolupráce. Roviny, v ktorých sa obchodné modely v podniku prejavujú. Podpora IS/ICT podnikovým procesom a business networking. Business networking ako koncept riadenia interných a externých vzťahov medzi jednotlivými obchodnými jednotkami. CRM ako jeden z kľúčových pilierov business networkingu. Od transakčného k relačnému marketingu. | ||
| 610 | 2 | 0 | |a podnik obchodný |
| 610 | 2 | 0 | |a riadenie podnikové |
| 610 | 2 | 0 | |a riadenie procesné |
| 610 | 2 | 0 | |a marketing |
| 610 | 2 | 0 | |a modely |
| 610 | 2 | 0 | |a ekonomika nová |
| 610 | 2 | 0 | |a riadenie vzťahov so zákazníkmi |
| 610 | 2 | 0 | |a vzťahy dodávateľsko-odberateľské |
| 610 | 2 | 0 | |a technológie informačné |
| 610 | 2 | 0 | |a technológie komunikačné |
| 610 | 2 | 0 | |a systémy informačné |
| 100 | 1 | |a Vaculík, Juraj | |
| 700 | 1 | |a Kruppa, Marek | |